Smart cement : development, testing, modeling and real-time monitoring /

"Smart cement is a chemo-thermo-piezoresistive material that functions as a highly sensing 3-dimensional bulk sensor. It can be used for monitoring changes oflectrical resistivity in concrete by the addition of 0.03% of selected conductive or semi-conductive fibers are added to the bulk cement&...

Full description

Bibliographic Details
Main Author: Vipulanandan, Cumaraswamy, 1956- (Author)
Corporate Author: Taylor & Francis
Format: eBook
Language:English
Published: Boca Raton, FL : CRC Press, 2022.
Edition:First edition.
Subjects:
Online Access:Connect to the full text of this electronic book

MARC

Tag First Indicator Second Indicator Subfields
LEADER 00000cam a2200000 i 4500
001 in00005524813
006 m o d
007 cr |||||||||||
008 210128t20222022flua ob 001 0 eng
005 20241108170157.6
010 |a  2021004200 
035 |a (OCoLC)on1236899908 
040 |a DLC  |b eng  |e rda  |c DLC  |d OCLCO  |d OCLCF  |d YDX  |d UKAHL  |d TYFRS  |d UKMGB  |d YDX  |d N$T  |d UIU  |d OCLCO  |d OCLCQ  |d SFB  |d OCLCQ  |d OCLCO  |d OCLCL 
015 |a GBC196179  |2 bnb 
016 7 |a 020226391  |2 Uk 
019 |a 1260190768  |a 1266399670 
020 |a 9780429298172  |q (electronic book) 
020 |a 042929817X  |q (electronic book) 
020 |a 9781000412741  |q (electronic book) 
020 |a 1000412741  |q (electronic book) 
020 |a 9781000412819  |q (electronic book) 
020 |a 1000412814  |q (electronic book) 
020 |z 9780367278373  |q (hardcover) 
020 |z 9781032039695  |q (paperback) 
024 7 |a 10.1201/9780429298172  |2 doi 
035 |a (OCoLC)1236899908  |z (OCoLC)1260190768  |z (OCoLC)1266399670 
037 |a 9780429298172  |b Taylor & Francis 
042 |a pcc 
050 0 4 |a TA434  |b .V57 2022 
072 7 |a TEC  |x 009020  |2 bisacsh 
072 7 |a TEC  |x 021000  |2 bisacsh 
072 7 |a TEC  |x 063000  |2 bisacsh 
072 7 |a TN  |2 bicssc 
082 0 0 |a 624.1/833  |2 23 
049 |a TXAM 
100 1 |a Vipulanandan, Cumaraswamy,  |d 1956-  |e author. 
245 1 0 |a Smart cement :  |b development, testing, modeling and real-time monitoring /  |c Cumaraswamy Vipulanandan. 
250 |a First edition. 
264 1 |a Boca Raton, FL :  |b CRC Press,  |c 2022. 
264 4 |c ©2022 
300 |a 1 online resource (xxxvii, 402 pages) :  |b illustrations 
336 |a text  |b txt  |2 rdacontent 
337 |a computer  |b c  |2 rdamedia 
338 |a online resource  |b cr  |2 rdacarrier 
504 |a Includes bibliographical references and index. 
520 |a "Smart cement is a chemo-thermo-piezoresistive material that functions as a highly sensing 3-dimensional bulk sensor. It can be used for monitoring changes oflectrical resistivity in concrete by the addition of 0.03% of selected conductive or semi-conductive fibers are added to the bulk cement"--  |c Provided by publisher. 
545 0 |a Cumaraswamy Vipulanandan (Vipu) is a Professor of Civil and Environmental Engineering with endowed professorship at the University of Houston, where he is the Director of the Center for Innovative Grouting Materials and Technology and a former department chairman of the Texas Hurricane Center for Innovative Technology. Recently he received two patents on 'Smart Cement' and 'Detection and Quantification of Corrosion on Materials'. He has received several national, state and local awards for his research and teaching. 
588 |a Description based on online resource; title from digital title page (viewed on September 01, 2021). 
650 0 |a Cement. 
650 0 |a Concrete  |x Additives. 
650 0 |a Concrete  |x Testing. 
650 0 |a Smart materials. 
650 6 |a Ciment. 
650 6 |a Béton  |x Essais. 
650 6 |a Matériaux intelligents. 
650 7 |a cement (construction material)  |2 aat 
650 7 |a TECHNOLOGY / Engineering / Civil  |2 bisacsh 
650 7 |a TECHNOLOGY / Material Science  |2 bisacsh 
650 7 |a Cement  |2 fast 
650 7 |a Concrete  |x Additives  |2 fast 
650 7 |a Concrete  |x Testing  |2 fast 
650 7 |a Smart materials  |2 fast 
655 7 |a Electronic books.  |2 local 
710 2 |a Taylor & Francis. 
758 |i has work:  |a Smart cement (Text)  |1 https://id.oclc.org/worldcat/entity/E39PCGMBty6qmmjch36FDBvQHK  |4 https://id.oclc.org/worldcat/ontology/hasWork 
776 0 8 |i Print version:  |a Vipulanandan, Cumaraswamy, 1956-  |t Smart cement  |b First edition.  |d Boca Raton, FL : CRC Press, 2021.  |z 9780367278373  |w (DLC) 2021004199 
856 4 0 |u http://proxy.library.tamu.edu/login?url=https://www.taylorfrancis.com/books/9780429298172  |z Connect to the full text of this electronic book  |t 0 
955 |a Taylor and Francis ENGnetBASE 
994 |a 92  |b TXA 
999 f f |s 0d839b3a-e0db-416b-8348-be1f40465b83  |i 74ad9b83-c122-4032-8b3f-512763d4ecd9  |t 0 
952 f f |a Texas A&M University  |b College Station  |c Electronic Resources  |d Available Online  |t 0  |e TA434 .V57 2022  |h Library of Congress classification 
998 f f |a TA434 .V57 2022  |t 0  |l Available Online